| 000 | 01266nac a22003011u 4500 | ||
|---|---|---|---|
| 010 | _a 2001056139 | ||
| 020 | _a0312294824 (hardback) | ||
| 020 | _a0312294832 (pbk.) | ||
| 082 | 0 | 0 |
_a303.482730 _bSAD |
| 090 |
_c7561 _d7561 |
||
| 100 | _aSadowski-Smith, Claudi] | ||
| 245 | 0 | 0 |
_aGlobalization on the line : _bculture, capital, and citizenship at U.S. borders / _cedited by Claudia Sadowski-Smith. |
| 260 |
_aNew York : _bPalgrave,2002 _c2002. |
||
| 300 |
_a248 p. : _bill. ; _c21 cm. |
||
| 500 | _aDistributer: Al-Ahram. | ||
| 504 | _aIncludes bibliographical references and index. | ||
| 511 | _aCatalogued By: Mahitab. | ||
| 650 | 0 | _aGlobalization. | |
| 650 | 0 | _aInternational economic relations. | |
| 651 | 0 | _aMexican-American Border Region. | |
| 651 | 0 |
_aUnited States _xForeign relations _y1989- |
|
| 651 | 0 |
_aUnited States _xCultural policy. |
|
| 700 | 1 |
_aSadowski-Smith, Claudia, _d1968- |
|
| 856 | 4 | 2 |
_3Contributor biographical information _uhttp://www.loc.gov/catdir/bios/hol051/2001056139.html |
| 856 | 4 | 2 |
_3Table of contents _uhttp://www.loc.gov/catdir/toc/hol031/2001056139.html |
| 856 | 4 | 2 |
_3Publisher description _uhttp://www.loc.gov/catdir/description/hol031/2001056139.html |
| 942 |
_cBB _k303.482730SAD |
||
| 999 |
_c7561 _d7561 |
||